[Event "WCO 2016"]
[Site "?"]
[Date "2016.09.11"]
[Round "9"]
[Board "34"]
[WhiteID "2906074"]
[White "Iotov Valentin"]
[BlackID "8100144"]
[Black "Mansour Sameer"]
[Result "1-0"]
[BlackElo "2245"]
[WhiteElo "2518"]
[LiveChessVersion "1.4.8"]

1. c4 {[%clk 1:30:55]} d6 {[%clk 1:29:43]} 2. Nc3 {[%clk 1:31:10]} g6
{[%clk 1:29:59]} 3. d4 {[%clk 1:31:22]} Bg7 {[%clk 1:30:23]} 4. e4
{[%clk 1:31:46]} e5 {[%clk 1:30:39]} 5. Nge2 {[%clk 1:31:34]} Nc6
{[%clk 1:30:56]} 6. Be3 {[%clk 1:31:27]} exd4 {[%clk 1:30:55]} 7. Nxd4
{[%clk 1:31:47]} Nge7 {[%clk 1:31:03]} 8. h4 {[%clk 1:29:27]} O-O
{[%clk 1:24:22]} 9. h5 {[%clk 1:29:12]} Nxd4 {[%clk 1:14:25]} 10. Bxd4
{[%clk 1:29:19]} Nc6 {[%clk 1:14:47]} 11. Bxg7 {[%clk 1:27:27]} Kxg7
{[%clk 1:15:14]} 12. Qd2 {[%clk 1:10:21]} g5 {[%clk 1:12:32]} 13. h6+
{[%clk 1:10:41]} Kh8 {[%clk 1:10:50]} 14. O-O-O {[%clk 1:11:04]} Be6
{[%clk 1:08:14]} 15. Nd5 {[%clk 0:59:51]} Bxd5 {[%clk 1:04:08]} 16. cxd5
{[%clk 0:59:10]} Ne5 {[%clk 1:04:26]} 17. Rh5 {[%clk 0:56:34]} f6
{[%clk 0:59:40]} 18. Be2 {[%clk 0:55:50]} Qe8 {[%clk 0:58:12]} 19. g3
{[%clk 0:50:55]} g4 {[%clk 0:49:35]} 20. Rf5 {[%clk 0:51:07]} Qa4
{[%clk 0:44:29]} 21. Qf4 {[%clk 0:47:33]} Ng6 {[%clk 0:32:53]} 22. Qxg4
{[%clk 0:46:13]} Rae8 {[%clk 0:28:02]} 23. Bd3 {[%clk 0:28:32]} Qxa2
{[%clk 0:25:42]} 24. Rf3 {[%clk 0:28:07]} Re7 {[%clk 0:23:52]} 25. Bb1
{[%clk 0:25:05]} Qa4 {[%clk 0:23:07]} 26. Ra3 {[%clk 0:23:52]} Qb4
{[%clk 0:23:25]} 27. f4 {[%clk 0:23:35]} c6 {[%clk 0:19:33]} 28. dxc6
{[%clk 0:16:23]} bxc6 {[%clk 0:19:55]} 29. Rc3 {[%clk 0:16:24]} Rb7
{[%clk 0:11:48]} 30. Rd2 {[%clk 0:15:25]} Qb6 {[%clk 0:05:43]} 31. Qe6
{[%clk 0:14:09]} Qg1+ {[%clk 0:06:01]} 32. Rd1 {[%clk 0:14:18]} Qh2
{[%clk 0:06:29]} 33. Bc2 {[%clk 0:14:07]} Qxh6 {[%clk 0:06:34]} 34. Rxc6
{[%clk 0:11:01]} Qh5 {[%clk 0:05:24]} 35. Rc8 {[%clk 0:08:48]} Kg7
{[%clk 0:05:51]} 36. Rxf8 {[%clk 0:05:04]} Nxf8 {[%clk 0:06:19]} 37. Qxd6
{[%clk 0:05:08]} Qb5 {[%clk 0:05:53]} 38. b3 {[%clk 0:03:38]} Qa5
{[%clk 0:03:45]} 39. Kb2 {[%clk 0:02:21]} Rc7 {[%clk 0:03:29]} 40. b4
{[%clk 0:31:12]} Rb7 {[%clk 0:33:28]} 41. Rd4 {[%clk 0:28:12]} Qh5
{[%clk 0:24:13]} 42. e5 {[%clk 0:28:16]} fxe5 {[%clk 0:23:41]} 43. fxe5
{[%clk 0:28:43]} Rf7 {[%clk 0:12:51]} 44. e6 {[%clk 0:28:23]} 1-0

[Event "WCO 2016"]
[Site "?"]
[Date "2016.09.11"]
[Round "9"]
[Board "35"]
[WhiteID "8103178"]
[White "Ahmad Al Khatib"]
[BlackID "2905434"]
[Black "Rusev Krasimir"]
[Result "0-1"]
[BlackElo "2548"]
[WhiteElo "2253"]
[LiveChessVersion "1.4.8"]

1. Nf3 {[%clk 1:30:56]} d5 {[%clk 1:30:55]} 2. g3 {[%clk 1:31:07]} Bg4
{[%clk 1:31:10]} 3. Bg2 {[%clk 1:31:29]} c6 {[%clk 1:31:01]} 4. O-O
{[%clk 1:31:17]} e6 {[%clk 1:31:18]} 5. d3 {[%clk 1:30:12]} Bd6 {[%clk 1:31:08]}
6. Nbd2 {[%clk 1:29:58]} Nd7 {[%clk 1:31:14]} 7. h3 {[%clk 1:29:29]} Bh5
{[%clk 1:31:41]} 8. e4 {[%clk 1:29:26]} Ne7 {[%clk 1:32:00]} 9. b3
{[%clk 1:26:01]} O-O {[%clk 1:31:18]} 10. Bb2 {[%clk 1:26:08]} h6
{[%clk 1:23:38]} 11. Qe1 {[%clk 1:22:44]} Bg6 {[%clk 1:02:32]} 12. Kh1
{[%clk 1:19:43]} a5 {[%clk 1:00:52]} 13. a3 {[%clk 1:12:36]} b5 {[%clk 1:00:19]}
14. Nh4 {[%clk 1:11:31]} Bh7 {[%clk 0:58:24]} 15. f4 {[%clk 1:09:43]} Qb8
{[%clk 0:39:55]} 16. Qe2 {[%clk 0:51:52]} Ra7 {[%clk 0:39:12]} 17. Rae1
{[%clk 0:45:41]} Kh8 {[%clk 0:26:05]} 18. e5 {[%clk 0:34:11]} Bc7
{[%clk 0:26:24]} 19. g4 {[%clk 0:34:04]} Ng6 {[%clk 0:14:16]} 20. Nxg6+
{[%clk 0:29:24]} fxg6 {[%clk 0:14:40]} 21. Nf3 {[%clk 0:24:48]} Rxf4
{[%clk 0:09:01]} 22. Nd4 {[%clk 0:25:00]} Rxf1+ {[%clk 0:09:19]} 23. Rxf1
{[%clk 0:21:09]} Qe8 {[%clk 0:09:47]} 24. Nxc6 {[%clk 0:20:32]} Ra6
{[%clk 0:10:16]} 25. Nd4 {[%clk 0:19:39]} Bxe5 {[%clk 0:10:12]} 26. Nxb5
{[%clk 0:19:16]} Bxb2 {[%clk 0:10:03]} 27. Nc7 {[%clk 0:19:43]} Qc8
{[%clk 0:10:27]} 28. Nxa6 {[%clk 0:20:09]} Qxa6 {[%clk 0:10:47]} 29. c4
{[%clk 0:18:15]} Bxa3 {[%clk 0:09:29]} 30. cxd5 {[%clk 0:16:54]} Bg8
{[%clk 0:09:52]} 31. g5 {[%clk 0:07:42]} hxg5 {[%clk 0:06:36]} 32. Qg4
{[%clk 0:06:01]} Be7 {[%clk 0:06:32]} 33. Be4 {[%clk 0:05:31]} Ne5
{[%clk 0:05:40]} 34. Qg3 {[%clk 0:04:22]} Bf6 {[%clk 0:06:08]} 35. d6
{[%clk 0:00:49]} Qxd6 {[%clk 0:06:17]} 36. Bxg6 {[%clk 0:01:01]} Bh7
{[%clk 0:05:42]} 37. Bxh7 {[%clk 0:00:45]} Kxh7 {[%clk 0:06:10]} 38. Rd1
{[%clk 0:00:32]} Qd5+ {[%clk 0:06:33]} 39. Qg2 {[%clk 0:00:38]} Qxb3
{[%clk 0:06:24]} 40. Qe4+ {[%clk 0:30:41]} Kh6 {[%clk 0:36:41]} 41. Rd2
{[%clk 0:23:23]} Qd5 0-1

[Event "WCO 2016"]
[Site "?"]
[Date "2016.09.11"]
[Round "9"]
[Board "36"]
[WhiteID "2911086"]
[White "Petrov Martin"]
[BlackID "8100918"]
[Black "Mohannad Farhan"]
[Result "0-1"]
[BlackElo "2294"]
[WhiteElo "2458"]
[LiveChessVersion "1.4.8"]

1. c4 {[%clk 1:30:44]} g6 {[%clk 1:30:11]} 2. g3 {[%clk 1:30:31]} Bg7
{[%clk 1:30:36]} 3. Bg2 {[%clk 1:30:58]} e5 {[%clk 1:30:54]} 4. Nc3
{[%clk 1:30:48]} Ne7 {[%clk 1:30:47]} 5. e3 {[%clk 1:27:01]} O-O {[%clk 1:30:21]}
6. Nge2 {[%clk 1:27:27]} f5 {[%clk 1:22:11]} 7. O-O {[%clk 1:25:12]} Nbc6
{[%clk 1:16:28]} 8. d3 {[%clk 1:21:53]} g5 {[%clk 1:14:13]} 9. f4
{[%clk 1:20:35]} gxf4 {[%clk 1:12:06]} 10. exf4 {[%clk 1:08:57]} d6
{[%clk 1:08:57]} 11. Be3 {[%clk 1:08:52]} Nd4 {[%clk 1:02:22]} 12. fxe5
{[%clk 1:00:53]} dxe5 {[%clk 0:59:56]} 13. Bxd4 {[%clk 1:00:29]} exd4
{[%clk 1:00:23]} 14. Nd5 {[%clk 1:00:50]} Ng6 {[%clk 0:58:09]} 15. Ndf4
{[%clk 0:54:29]} Ne5 {[%clk 0:52:00]} 16. Bd5+ {[%clk 0:52:33]} Kh8
{[%clk 0:51:43]} 17. Nxd4 {[%clk 0:45:05]} c6 {[%clk 0:47:32]} 18. Nde6
{[%clk 0:45:29]} Bxe6 {[%clk 0:31:38]} 19. Bxe6 {[%clk 0:41:06]} Ng4
{[%clk 0:25:44]} 20. Qe2 {[%clk 0:40:50]} Bd4+ {[%clk 0:20:59]} 21. Kh1
{[%clk 0:40:46]} Qf6 {[%clk 0:21:16]} 22. h3 {[%clk 0:34:41]} Qh6
{[%clk 0:20:02]} 23. Rae1 {[%clk 0:17:36]} Rae8 {[%clk 0:18:41]} 24. Qd2
{[%clk 0:07:00]} Ne5 {[%clk 0:14:05]} 25. Qg2 {[%clk 0:02:07]} Rxe6
{[%clk 0:13:12]} 26. Nxe6 {[%clk 0:02:32]} Qxe6 {[%clk 0:13:38]} 27. Rf4
{[%clk 0:02:57]} Qd6 {[%clk 0:09:19]} 28. Qe2 {[%clk 0:02:21]} Ng6
{[%clk 0:09:18]} 29. Rf3 {[%clk 0:02:45]} f4 {[%clk 0:08:56]} 30. Qe6
{[%clk 0:01:41]} Qxe6 {[%clk 0:04:41]} 31. Rxe6 {[%clk 0:02:07]} fxg3
{[%clk 0:05:03]} 32. Rxf8+ {[%clk 0:02:14]} Nxf8 {[%clk 0:05:30]} 33. Re8
{[%clk 0:02:36]} Kg7 {[%clk 0:05:25]} 34. Kg2 {[%clk 0:01:58]} Bf2
{[%clk 0:05:47]} 35. Re7+ {[%clk 0:02:23]} Kh6 {[%clk 0:05:53]} 36. d4
{[%clk 0:00:31]} Ng6 {[%clk 0:06:04]} 37. Re4 {[%clk 0:00:57]} Kh5
{[%clk 0:05:33]} 38. Rg4 {[%clk 0:00:31]} Nh4+ {[%clk 0:05:23]} 39. Kf1
{[%clk 0:00:53]} Nf5 {[%clk 0:05:32]} 40. Rf4 {[%clk 0:30:32]} Kg5
{[%clk 0:33:36]} 41. Rg4+ {[%clk 0:24:47]} Kf6 {[%clk 0:33:33]} 42. Rf4
{[%clk 0:24:48]} Bxd4 {[%clk 0:33:26]} 43. Kg2 {[%clk 0:23:46]} Bxb2
{[%clk 0:31:30]} 44. Kf3 {[%clk 0:17:21]} Be5 {[%clk 0:31:38]} 45. Rg4
{[%clk 0:17:38]} Nd4+ {[%clk 0:30:48]} 46. Ke4 {[%clk 0:17:59]} Ne6
{[%clk 0:30:44]} 47. h4 {[%clk 0:18:03]} h5 {[%clk 0:29:18]} 48. Rg8
{[%clk 0:17:47]} Kf7 0-1

[Event "WCO 2016"]
[Site "?"]
[Date "2016.09.11"]
[Round "9"]
[Board "1"]
[WhiteID "2800020"]
[White "Gruenfeld Yehuda"]
[BlackID "5100011"]
[Black "Hernandez Guerrero Gilberto"]
[Result "0-1"]
[BlackElo "2506"]
[WhiteElo "2451"]
[LiveChessVersion "1.4.8"]

1. e4 {[%clk 1:30:57]} c5 {[%clk 1:30:44]} 2. Nf3 {[%clk 1:31:21]} e6
{[%clk 1:30:40]} 3. d4 {[%clk 1:31:44]} cxd4 {[%clk 1:31:05]} 4. Nxd4
{[%clk 1:32:08]} Nc6 {[%clk 1:31:29]} 5. Nc3 {[%clk 1:32:24]} Qc7
{[%clk 1:31:35]} 6. Be2 {[%clk 1:31:09]} a6 {[%clk 1:31:55]} 7. O-O
{[%clk 1:31:19]} Nf6 {[%clk 1:32:18]} 8. Be3 {[%clk 1:31:45]} Bb4
{[%clk 1:32:34]} 9. Na4 {[%clk 1:31:31]} O-O {[%clk 1:32:51]} 10. c4
{[%clk 1:31:13]} Be7 {[%clk 1:32:54]} 11. Nc3 {[%clk 1:21:28]} b6
{[%clk 1:32:40]} 12. Rc1 {[%clk 1:21:38]} Bb7 {[%clk 1:31:18]} 13. Nb3
{[%clk 0:58:38]} Rab8 {[%clk 1:21:43]} 14. f4 {[%clk 0:56:51]} Na5
{[%clk 1:20:33]} 15. Nxa5 {[%clk 0:47:54]} bxa5 {[%clk 1:20:56]} 16. Qd4
{[%clk 0:47:56]} d6 {[%clk 1:19:12]} 17. b3 {[%clk 0:43:45]} Nd7 {[%clk 1:14:11]}
18. Rfd1 {[%clk 0:39:20]} Rfd8 {[%clk 1:09:48]} 19. Bf3 {[%clk 0:39:31]} Nc5
{[%clk 1:08:28]} 20. Qd2 {[%clk 0:37:30]} Ba8 {[%clk 1:03:55]} 21. Rb1
{[%clk 0:27:58]} Bf6 {[%clk 0:58:53]} 22. Bd4 {[%clk 0:24:48]} e5
{[%clk 0:55:12]} 23. Be3 {[%clk 0:18:56]} exf4 {[%clk 0:55:26]} 24. Bxf4
{[%clk 0:19:23]} Bxc3 {[%clk 0:49:32]} 25. Qxc3 {[%clk 0:19:16]} Bxe4
{[%clk 0:49:53]} 26. Bxe4 {[%clk 0:19:29]} Nxe4 {[%clk 0:50:16]} 27. Qd4
{[%clk 0:19:53]} Qc6 {[%clk 0:50:29]} 28. Rd3 {[%clk 0:16:29]} a4
{[%clk 0:43:54]} 29. b4 {[%clk 0:14:08]} Re8 {[%clk 0:32:53]} 30. a3
{[%clk 0:13:57]} h6 {[%clk 0:29:03]} 31. Rc1 {[%clk 0:11:08]} Re6
{[%clk 0:27:48]} 32. Qd5 {[%clk 0:10:00]} Qe8 {[%clk 0:24:06]} 33. h3
{[%clk 0:08:02]} g5 {[%clk 0:24:19]} 34. Bh2 {[%clk 0:04:40]} Rc8
{[%clk 0:22:39]} 35. Rf1 {[%clk 0:03:42]} Qc6 {[%clk 0:21:08]} 36. Qxc6
{[%clk 0:03:26]} Rxc6 {[%clk 0:21:33]} 37. Rc1 {[%clk 0:03:52]} f5
{[%clk 0:20:37]} 38. h4 {[%clk 0:03:55]} Kf7 {[%clk 0:20:34]} 39. hxg5
{[%clk 0:04:12]} hxg5 {[%clk 0:20:56]} 40. Rc2 {[%clk 0:33:55]} Kf6
{[%clk 0:47:22]} 41. Kf1 {[%clk 0:34:12]} Re8 {[%clk 0:46:54]} 42. g3
{[%clk 0:32:32]} Rec8 {[%clk 0:46:52]} 43. Rd4 {[%clk 0:32:44]} Rxc4
{[%clk 0:47:05]} 0-1

[Event "WCO 2016"]
[Site "?"]
[Date "2016.09.11"]
[Round "9"]
[Board "2"]
[WhiteID "5105382"]
[White "Capo Vidal Uriel"]
[BlackID "805475"]
[Black "Collutiis Duilio"]
[Result "1-0"]
[BlackElo "2441"]
[WhiteElo "2314"]
[LiveChessVersion "1.4.8"]

1. d4 {[%clk 1:30:49]} d5 {[%clk 1:30:46]} 2. c4 {[%clk 1:30:40]} c6
{[%clk 1:30:54]} 3. cxd5 {[%clk 1:30:16]} cxd5 {[%clk 1:31:19]} 4. Bf4
{[%clk 1:30:22]} Nf6 {[%clk 1:31:40]} 5. Nc3 {[%clk 1:30:27]} Qb6
{[%clk 1:31:38]} 6. e3 {[%clk 1:29:55]} Bd7 {[%clk 1:29:56]} 7. Bd3
{[%clk 1:26:37]} e6 {[%clk 1:08:10]} 8. Nge2 {[%clk 1:25:11]} Bd6
{[%clk 1:08:34]} 9. Bg5 {[%clk 1:23:11]} Be7 {[%clk 1:08:32]} 10. O-O
{[%clk 1:22:24]} Bc6 {[%clk 1:08:19]} 11. a3 {[%clk 1:08:46]} a5 {[%clk 1:03:37]}
12. Na4 {[%clk 1:02:42]} Qd8 {[%clk 1:00:44]} 13. Bxf6 {[%clk 0:58:09]} Bxf6
{[%clk 1:00:52]} 14. b4 {[%clk 0:58:28]} axb4 {[%clk 1:00:10]} 15. axb4
{[%clk 0:58:47]} Bxa4 {[%clk 0:54:40]} 16. Rxa4 {[%clk 0:59:03]} Nc6
{[%clk 0:55:01]} 17. b5 {[%clk 0:43:37]} Ne7 {[%clk 0:51:16]} 18. e4
{[%clk 0:37:26]} g6 {[%clk 0:46:47]} 19. e5 {[%clk 0:36:26]} Bg7 {[%clk 0:47:12]}
20. Qb3 {[%clk 0:35:06]} Rxa4 {[%clk 0:47:23]} 21. Qxa4 {[%clk 0:35:33]} O-O
{[%clk 0:47:43]} 22. Qa7 {[%clk 0:35:03]} Qb8 {[%clk 0:45:22]} 23. Qc5
{[%clk 0:31:22]} Re8 {[%clk 0:45:46]} 24. Rc1 {[%clk 0:31:37]} Bf8
{[%clk 0:46:09]} 25. Ra1 {[%clk 0:21:18]} Nc8 {[%clk 0:39:33]} 26. Qc3
{[%clk 0:21:04]} Nb6 {[%clk 0:39:48]} 27. Qa5 {[%clk 0:12:44]} Qa8
{[%clk 0:40:01]} 28. Qe1 {[%clk 0:12:59]} Qb8 {[%clk 0:40:20]} 29. Nc1
{[%clk 0:12:00]} Rc8 {[%clk 0:37:34]} 30. Nb3 {[%clk 0:12:20]} Nc4
{[%clk 0:37:55]} 31. Qe2 {[%clk 0:10:17]} Rc7 {[%clk 0:27:53]} 32. h4
{[%clk 0:10:27]} Qe8 {[%clk 0:27:10]} 33. Nd2 {[%clk 0:06:48]} Qxb5
{[%clk 0:27:26]} 34. Bxc4 {[%clk 0:04:54]} dxc4 {[%clk 0:27:46]} 35. Ne4
{[%clk 0:02:55]} Rc8 {[%clk 0:28:05]} 36. h5 {[%clk 0:03:08]} Be7
{[%clk 0:27:20]} 37. Rc1 {[%clk 0:01:09]} Qd5 {[%clk 0:25:03]} 38. Qe3
{[%clk 0:00:56]} Rd8 {[%clk 0:24:13]} 39. Rd1 {[%clk 0:01:20]} b5
{[%clk 0:19:53]} 40. Qf4 {[%clk 0:30:34]} Rc8 {[%clk 0:48:38]} 41. h6
{[%clk 0:23:09]} Qd8 {[%clk 0:46:46]} 42. d5 {[%clk 0:17:58]} exd5
{[%clk 0:44:56]} 43. Nd6 {[%clk 0:15:31]} Bxd6 {[%clk 0:44:27]} 44. exd6
{[%clk 0:15:59]} f5 {[%clk 0:43:38]} 45. Qe5 {[%clk 0:13:37]} Qd7
{[%clk 0:43:14]} 46. Qxd5+ {[%clk 0:13:55]} Qf7 {[%clk 0:41:45]} 47. d7
{[%clk 0:13:24]} Rd8 {[%clk 0:42:07]} 48. Qxb5 {[%clk 0:13:47]} c3
{[%clk 0:41:36]} 49. Qc6 {[%clk 0:11:36]} c2 {[%clk 0:31:58]} 50. Qxc2
{[%clk 0:11:57]} Qf6 {[%clk 0:32:27]} 51. Qc4+ {[%clk 0:10:48]} Kf8
{[%clk 0:32:51]} 52. Qc5+ {[%clk 0:10:51]} Kf7 {[%clk 0:33:14]} 53. Rd6
{[%clk 0:10:18]} Qg5 {[%clk 0:30:47]} 54. Qc4+ {[%clk 0:07:28]} Kf8
{[%clk 0:29:17]} 55. Qc3 {[%clk 0:07:07]} 1-0

[Event "WCO 2016"]
[Site "?"]
[Date "2016.09.11"]
[Round "9"]
[Board "3"]
[WhiteID "14502593"]
[White "Bozinovic Bogdan"]
[BlackID "5122279"]
[Black "Cofre Archibold Nestor"]
[Result "0-1"]
[BlackElo "2255"]
[WhiteElo "2219"]
[LiveChessVersion "1.4.8"]

1. d4 {[%clk 1:30:36]} Nf6 {[%clk 1:30:57]} 2. c4 {[%clk 1:30:40]} c5
{[%clk 1:31:22]} 3. d5 {[%clk 1:30:45]} e6 {[%clk 1:31:46]} 4. Nc3
{[%clk 1:30:57]} exd5 {[%clk 1:32:11]} 5. cxd5 {[%clk 1:31:16]} d6
{[%clk 1:32:39]} 6. e4 {[%clk 1:30:53]} g6 {[%clk 1:33:05]} 7. f4
{[%clk 1:30:51]} Bg7 {[%clk 1:32:07]} 8. e5 {[%clk 1:29:44]} Nfd7
{[%clk 1:22:35]} 9. Nb5 {[%clk 1:29:27]} dxe5 {[%clk 1:21:53]} 10. Nd6+
{[%clk 1:28:54]} Kf8 {[%clk 1:21:53]} 11. Nf3 {[%clk 1:27:15]} h6
{[%clk 1:12:00]} 12. Be2 {[%clk 1:16:47]} f5 {[%clk 1:09:33]} 13. fxe5
{[%clk 1:07:23]} Nxe5 {[%clk 1:09:51]} 14. Nxc8 {[%clk 1:07:29]} Nbd7
{[%clk 1:02:34]} 15. O-O {[%clk 0:46:13]} Rxc8 {[%clk 1:01:54]} 16. Nxe5
{[%clk 0:39:17]} Bxe5 {[%clk 1:02:16]} 17. Qb3 {[%clk 0:34:23]} Qc7
{[%clk 0:50:18]} 18. Qh3 {[%clk 0:28:05]} Kg7 {[%clk 0:50:25]} 19. g4
{[%clk 0:25:42]} f4 {[%clk 0:47:30]} 20. Qf3 {[%clk 0:23:12]} g5 {[%clk 0:47:17]}
21. Bd3 {[%clk 0:21:57]} Nf6 {[%clk 0:47:32]} 22. Bf5 {[%clk 0:20:28]} Rcd8
{[%clk 0:47:17]} 23. Be6 {[%clk 0:08:39]} Qd6 {[%clk 0:46:34]} 24. Re1
{[%clk 0:05:34]} Nxd5 {[%clk 0:43:38]} 25. Bf5 {[%clk 0:05:26]} Rhe8
{[%clk 0:42:23]} 26. Bd2 {[%clk 0:03:06]} Nf6 {[%clk 0:33:19]} 27. Rxe5
{[%clk 0:01:02]} Qxe5 {[%clk 0:32:31]} 0-1

[Event "WCO 2016"]
[Site "?"]
[Date "2016.09.11"]
[Round "9"]
[Board "4"]
[WhiteID "5110475"]
[White "Garcia Guerrero Isaac Antonio"]
[BlackID "934054"]
[Black "Klasan Vladimir"]
[Result "1/2-1/2"]
[BlackElo "2401"]
[WhiteElo "2308"]
[LiveChessVersion "1.4.8"]

1. d4 {[%clk 1:30:52]} d5 {[%clk 1:30:48]} 2. c4 {[%clk 1:31:05]} c6
{[%clk 1:31:13]} 3. cxd5 {[%clk 1:31:14]} cxd5 {[%clk 1:31:34]} 4. Nc3
{[%clk 1:31:25]} Nf6 {[%clk 1:31:24]} 5. Bf4 {[%clk 1:31:29]} Nc6
{[%clk 1:30:23]} 6. e3 {[%clk 1:31:36]} a6 {[%clk 1:29:05]} 7. Bd3
{[%clk 1:31:26]} Bg4 {[%clk 1:23:33]} 8. Nge2 {[%clk 1:30:42]} e6
{[%clk 1:21:17]} 9. O-O {[%clk 1:29:16]} Bd6 {[%clk 1:10:39]} 10. f3
{[%clk 1:28:25]} Bh5 {[%clk 1:08:40]} 11. Rc1 {[%clk 1:27:31]} O-O
{[%clk 1:01:12]} 12. Na4 {[%clk 1:23:29]} Bg6 {[%clk 0:56:43]} 13. Bxd6
{[%clk 1:21:01]} Qxd6 {[%clk 0:51:30]} 14. Nf4 {[%clk 1:20:36]} Bxd3
{[%clk 0:48:45]} 15. Nxd3 {[%clk 1:20:43]} Nd7 {[%clk 0:46:42]} 16. Qd2
{[%clk 1:16:08]} b6 {[%clk 0:39:03]} 17. Rc2 {[%clk 1:13:33]} Rfc8
{[%clk 0:33:00]} 18. Rfc1 {[%clk 1:12:34]} b5 {[%clk 0:20:26]} 19. Ne5
{[%clk 0:51:52]} Ndxe5 {[%clk 0:18:06]} 20. dxe5 {[%clk 0:48:00]} Qb8
{[%clk 0:16:55]} 21. Rxc6 {[%clk 0:40:34]} Rxc6 {[%clk 0:17:19]} 22. Rxc6
{[%clk 0:40:46]} bxa4 {[%clk 0:17:32]} 23. Qc3 {[%clk 0:34:37]} g6
{[%clk 0:17:02]} 24. h4 {[%clk 0:29:16]} h5 {[%clk 0:15:43]} 25. Kh2
{[%clk 0:22:39]} Kg7 {[%clk 0:12:35]} 26. Qd4 {[%clk 0:21:18]} a5
{[%clk 0:08:24]} 27. Rc2 {[%clk 0:06:59]} Qb5 {[%clk 0:06:54]} 28. Qf4
{[%clk 0:06:47]} Qd3 {[%clk 0:05:38]} 29. Rc7 {[%clk 0:04:13]} Rf8
{[%clk 0:06:02]} 30. Ra7 {[%clk 0:04:05]} Qb5 {[%clk 0:05:30]} 31. Qd4
{[%clk 0:03:06]} Rb8 {[%clk 0:05:27]} 32. Qf4 {[%clk 0:02:39]} Rf8
{[%clk 0:05:23]} 33. Qd4 {[%clk 0:02:45]} Rb8 {[%clk 0:04:23]} 34. Qf4 1/2-1/2

[Event "WCO 2016"]
[Site "?"]
[Date "2016.09.11"]
[Round "9"]
[Board "1"]
[WhiteID "9900373"]
[White "Weerawardane Romesh"]
[BlackID "7901810"]
[Black "Oussedik Mahfoud"]
[Result "1/2-1/2"]
[BlackElo "2280"]
[WhiteElo "2120"]
[LiveChessVersion "1.4.8"]

1. d4 {[%clk 1:30:52]} Nf6 {[%clk 1:30:51]} 2. c4 {[%clk 1:31:10]} c5
{[%clk 1:31:16]} 3. d5 {[%clk 1:31:31]} g6 {[%clk 1:31:41]} 4. Nc3
{[%clk 1:31:46]} Bg7 {[%clk 1:32:06]} 5. Nf3 {[%clk 1:29:48]} d6 {[%clk 1:32:15]}
6. e4 {[%clk 1:28:58]} O-O {[%clk 1:32:39]} 7. Be2 {[%clk 1:26:01]} Na6
{[%clk 1:26:11]} 8. O-O {[%clk 1:26:11]} Nc7 {[%clk 1:26:34]} 9. h3
{[%clk 1:22:09]} Nd7 {[%clk 1:14:39]} 10. Ne1 {[%clk 1:17:39]} b5
{[%clk 1:12:27]} 11. cxb5 {[%clk 1:16:16]} a6 {[%clk 1:12:54]} 12. bxa6
{[%clk 1:00:42]} Bxa6 {[%clk 1:12:57]} 13. Nc2 {[%clk 0:59:20]} Qb8
{[%clk 1:11:59]} 14. Ne3 {[%clk 0:57:15]} Qb4 {[%clk 1:05:18]} 15. Bxa6
{[%clk 0:43:48]} Rxa6 {[%clk 1:04:43]} 16. a3 {[%clk 0:43:36]} Qb7
{[%clk 1:04:38]} 17. Qc2 {[%clk 0:43:29]} Rb8 {[%clk 1:04:55]} 18. Rb1
{[%clk 0:32:01]} Qb3 {[%clk 1:03:07]} 19. Bd2 {[%clk 0:28:44]} Ne5
{[%clk 1:03:23]} 20. Rfc1 {[%clk 0:22:39]} Rab6 {[%clk 0:54:26]} 21. Kf1
{[%clk 0:11:30]} Nc4 {[%clk 0:52:43]} 22. Nxc4 {[%clk 0:06:26]} Qxc4+
{[%clk 0:53:09]} 23. Kg1 {[%clk 0:06:50]} Rb3 {[%clk 0:53:12]} 24. a4
{[%clk 0:01:52]} R8b7 {[%clk 0:49:42]} 25. a5 {[%clk 0:01:39]} Na6
{[%clk 0:49:34]} 26. Nd1 {[%clk 0:01:20]} Qb5 {[%clk 0:45:38]} 27. Qc4
{[%clk 0:01:00]} Qxc4 {[%clk 0:43:59]} 28. Rxc4 {[%clk 0:01:27]} Kf8
{[%clk 0:41:34]} 29. Kf1 {[%clk 0:01:18]} Ke8 {[%clk 0:41:54]} 30. Bc3
{[%clk 0:00:41]} Bxc3 {[%clk 0:41:57]} 31. Nxc3 {[%clk 0:00:41]} Rxb2
{[%clk 0:41:43]} 32. Rxb2 Rxb2 {[%clk 0:42:07]} 33. Ra4 {[%clk 0:00:45]} Kd7
{[%clk 0:41:59]} 34. Ke1 {[%clk 0:00:47]} Kc7 {[%clk 0:41:45]} 35. Ra1
{[%clk 0:00:37]} Kb7 {[%clk 0:39:41]} 36. Nd1 {[%clk 0:00:42]} Rb4
{[%clk 0:39:20]} 37. f3 {[%clk 0:01:04]} Rb3 {[%clk 0:39:37]} 38. Kd2
{[%clk 0:01:00]} Nb4 {[%clk 0:40:03]} 39. Kc1 {[%clk 0:00:55]} Ka6
{[%clk 0:36:38]} 40. Kd2 {[%clk 0:31:20]} h5 {[%clk 1:05:27]} 41. Kc1
{[%clk 0:20:55]} Rd3 {[%clk 1:04:29]} 42. Ra4 {[%clk 0:17:43]} h4
{[%clk 1:04:03]} 43. Ra1 {[%clk 0:11:36]} f5 {[%clk 0:59:31]} 44. Nf2
{[%clk 0:09:15]} Rc3+ {[%clk 0:59:42]} 45. Kd2 {[%clk 0:07:41]} Rc2+
{[%clk 1:00:05]} 46. Ke1 {[%clk 0:08:02]} Rb2 {[%clk 0:59:49]} 47. Kf1
{[%clk 0:07:22]} Nc2 {[%clk 0:58:48]} 48. Nd1 {[%clk 0:06:22]} Rb3
{[%clk 0:51:50]} 49. Ra2 {[%clk 0:06:15]} Nd4 {[%clk 0:49:46]} 50. Kf2
{[%clk 0:04:27]} f4 {[%clk 0:47:31]} 51. Nb2 {[%clk 0:04:11]} Rb4
{[%clk 0:32:27]} 52. Nd3 {[%clk 0:04:19]} Rb5 {[%clk 0:32:19]} 53. Nxf4
{[%clk 0:04:27]} c4 {[%clk 0:32:10]} 54. Ke3 {[%clk 0:03:23]} Nb3
{[%clk 0:32:37]} 55. Rc2 {[%clk 0:02:04]} Rc5 {[%clk 0:32:54]} 56. Nxg6
{[%clk 0:02:07]} Rc7 {[%clk 0:32:51]} 57. Nxh4 {[%clk 0:02:01]} Kxa5 58. Nf5
{[%clk 0:01:48]} Kb4 {[%clk 0:33:21]} 59. Nd4 {[%clk 0:01:35]} c3
{[%clk 0:29:34]} 60. Nc6+ {[%clk 0:01:13]} Kc4 {[%clk 0:29:59]} 61. h4
{[%clk 0:01:09]} e6 {[%clk 0:29:18]} 62. h5 {[%clk 0:00:59]} exd5
{[%clk 0:29:40]} 63. exd5 {[%clk 0:01:11]} Rc8 {[%clk 0:27:48]} 64. g4
{[%clk 0:01:17]} Re8+ {[%clk 0:27:21]} 65. Kf4 {[%clk 0:01:25]} Nd2
{[%clk 0:26:31]} 66. g5 {[%clk 0:00:48]} Rf8+ {[%clk 0:26:17]} 67. Kg4
{[%clk 0:01:12]} Nf1 {[%clk 0:24:18]} 68. Rc1 {[%clk 0:01:07]} Ne3+
{[%clk 0:24:45]} 69. Kg3 {[%clk 0:01:03]} Nxd5 {[%clk 0:24:35]} 70. h6
{[%clk 0:01:10]} Nf4 {[%clk 0:24:40]} 71. Rh1 {[%clk 0:00:37]} c2
{[%clk 0:24:41]} 72. Ne7 {[%clk 0:00:44]} d5 {[%clk 0:18:26]} 73. Kg4
{[%clk 0:00:51]} d4 {[%clk 0:18:32]} 74. h7 {[%clk 0:00:42]} d3 {[%clk 0:13:51]}
75. Nf5 {[%clk 0:00:41]} d2 {[%clk 0:12:46]} 76. Ne3+ {[%clk 0:00:39]} Kd3
{[%clk 0:13:12]} 77. Nxc2 {[%clk 0:00:36]} Kxc2 {[%clk 0:13:29]} 78. Rh2
{[%clk 0:00:48]} Kd3 {[%clk 0:00:52]} 1/2-1/2